000 01009nam a2200277 i 4500
001 11789
003 KOSZ 005
005 20191016111604.0
008 071022s1969 pl a f f 000 0 pol
015 _aPB 1968/7472
040 _aWA N
_cKOSZ 005/RW
_dKOSZ 005/RW
080 _a744(075)
100 1 _aBuksiński, Tadeusz.
_eAutor.
245 1 0 _aRysunek techniczny /
_cTadeusz Buksiński, Antoni Szpecht.
250 _aWyd. 9 zm.
260 _aWarszawa :
_bPaństwowe Wydawnictwo Szkolnictwa Zawodowego,
_c1968.
300 _a232, [3] s., [1] k. tabl. :
_bil. ;
_c25 cm.
380 _aKsiążki.
521 8 _aDla kl. 1 i 2 techników mechanicznych.
655 4 _aPodręczniki dla szkół zawodowych
655 4 _aRysunek techniczny
700 1 _aSzpecht, Antoni.
710 2 _aPaństwowe Wydawnictwo Szkolnictwa Zawodowego
_4pbl.
856 _uhttp://koha.tu.koszalin.pl/cgi-bin/koha/opac-detail.pl?biblionumber=11789
_yKatalog online BPK
942 _2UKD
_cKS
999 _c11789
_d11789